Safe passages : Highways, wildlife, and habitat connectivity
Safe Passages brings together in a single volume the latest information on the emerging science of road ecology as it relates to mitigating interactions between roads and wildlife. This practical handbook of tools and examples is designed to assist individuals and organizations thinking about or wor...
Bewaard in:
| Formaat: | Boek |
|---|---|
| Taal: | Undetermined |
| Gepubliceerd in: |
London
Island Press
2010
|
| Onderwerpen: | |
| Tags: |
Voeg label toe
Geen labels, Wees de eerste die dit record labelt!
|
| Thư viện lưu trữ: | Trung tâm Học liệu Trường Đại học Cần Thơ |
|---|
| LEADER | 01004nam a2200205Ia 4500 | ||
|---|---|---|---|
| 001 | CTU_209863 | ||
| 008 | 210402s9999 xx 000 0 und d | ||
| 020 | |c 40 | ||
| 082 | |a 639.96 | ||
| 082 | |b S128 | ||
| 245 | 0 | |a Safe passages : | |
| 245 | 0 | |b Highways, wildlife, and habitat connectivity | |
| 245 | 0 | |c Jon P. Beckham ... [et al.] Edited by | |
| 260 | |a London | ||
| 260 | |b Island Press | ||
| 260 | |c 2010 | ||
| 520 | |a Safe Passages brings together in a single volume the latest information on the emerging science of road ecology as it relates to mitigating interactions between roads and wildlife. This practical handbook of tools and examples is designed to assist individuals and organizations thinking about or working toward reducing road-wildlife impacts | ||
| 650 | |a Wildlife crossings,Habitat conservation,Động vật hoang dã,Bảo tồn môi trường sống | ||
| 904 | |i Huỳnh Nhựt Tân, Tuyến | ||
| 980 | |a Trung tâm Học liệu Trường Đại học Cần Thơ | ||